Kontextová reklama brandovým nástrojem

PPC (pay per click) reklama na internete. Obchodný model PPC. Dva druhy PPC reklamy podľa J. Owyanga: reklama vo vyhľadávačoch a kontextová reklama. Ciele kontextovej reklamy. Šírenie značky na internete.

Gespeichert in:
Bibliographische Detailangaben
1. Verfasser: Šifra, Ján
Format: Buchkapitel
Sprache:Tschechisch
Schlagworte:
Tags: Tag hinzufügen
Keine Tags, Fügen Sie das erste Tag hinzu!

MARC

LEADER 00000naa$a2200000$$$4500
001 0079071
005 20231018131218.8
041 0 |a cze 
044 |a CZ 
245 1 0 |a Kontextová reklama brandovým nástrojem  |c Ján Šifra 
520 |a PPC (pay per click) reklama na internete. Obchodný model PPC. Dva druhy PPC reklamy podľa J. Owyanga: reklama vo vyhľadávačoch a kontextová reklama. Ciele kontextovej reklamy. Šírenie značky na internete. 
610 2 0 |a reklama 
610 2 0 |a internet 
610 2 0 |a tovar 
610 2 0 |a marketing 
610 2 0 |a značky výrobkov 
100 1 |a Šifra, Ján